Mass-Transfer operations

-д хадгалсан:
Номзүйн дэлгэрэнгүй
Үндсэн зохиолч: Treybal, Robert Ewald (Зохиогч)
Формат: Ном
Хэл сонгох:англи
Хэвлэсэн: Boston McGraw Hill 1980
Хэвлэл:3a. ed
Цуврал:McGraw Hill Classic Textbook Reissue Series
Нөхцлүүд:
Шошгууд: Шошго нэмэх
Шошго байхгүй, Энэхүү баримтыг шошголох эхний хүн болох!

MARC

LEADER 00000nam a2200000 a 4500
001 UCP7296
003 CL-VaPUC
008 991210e19800000US |||||||||||||||||eng|d
082 0 4 |a 660.284  |b TRE  |2 21 
100 0 |a Treybal, Robert Ewald  |e author  |9 436838 
245 1 0 |a Mass-Transfer operations 
250 |a 3a. ed 
300 |a 784 p 
942 |c BK 
945 |d 19991210 00:00:00  |a rbrito 
260 |a Boston  |b McGraw Hill  |c 1980 
650 0 |a Transferencia de masa  |9 259375 
650 0 |a Fluidos  |9 259333 
650 0 |a Gases  |9 260945 
650 0 |a Destilación  |9 263952 
650 7 |a INGENIERIA QUIMICA  |2 CL-VaPUC  |9 8 
583 |a last modification  |c 19991210 00:00:00  |k Rodrigo Vera 
490 0 |a McGraw Hill Classic Textbook Reissue Series 
999 |c 284598  |d 284596 
952 |0 0  |1 0  |4 0  |6 660_284000000000000_TRE_1980  |7 0  |8 A  |9 328714  |a BIBING  |b BIBING  |d 2019-11-20  |i 3585808  |l 2  |m 2  |o 660.284 TRE 1980  |p 3585808  |r 2025-01-20  |s 2023-11-17  |w 2019-11-20  |y BK  |k ING